000 01309cad a22002055 4500
001 L155184
008 120308s2012 xxuqr ws s 0 a0eng u
035 _a(Sirsi) u155184
041 0 _aeng
110 2 _aCushman & Wakefield
_95888
245 0 0 _aUK occupiers sectoral reports
_bFebruary 2012
_h[electronic resource]
260 _a[S.l.]
_bCushman & Wakefield
_c2012
490 0 _aCushman & Wakefield UK Occupiers Sectoral Reports
520 _aCushman & Wakefield commissioned Lighthouse Global to undertake an Insight 500 study into UK occupiers, tracking trends in property decisions, the priorities for real estate and the impact of commercial challenges on the property portfolio. Each report summarises the top-level findings of the research and provides a detailed view on a particular sector. Sectors covered are: banking and financial; legal; life science; media; professional services; and technology and telecomminications.
650 2 4 _aCUSHMAN & WAKEFIELD UK OCCUPIERS SECTORAL REPORTS
651 4 _aUnited Kingdom
690 _aCommercial property
_96227
856 4 0 _uhttps://www.cushwake.com/cwglobal/jsp/kcGlobalReportArchive.jsp?Country=GLOBAL&Language=EN&catId=100001&sector=ALL
_zView the reports (after free registration at the Knowledge Center) at www.cushwake.com
942 _n0
999 _c113377
_d113377